000 00465cam a2200193ua 4500
001 10998
005 20260515114703.0
008 190722n ii |||gr||||Z||||||eng
040 _cMAIN
041 _aeng
082 _a330.1508
100 _aLewis H Haney,
_eAuthor.
245 _aHistory of economic thought
_cBy Lewis H Haney
250 _a 3rd rep.
260 _aDelhi:
_bSurjeet publications,
_c2000.
300 _a996p.
653 _aEconomics
942 _cBK
999 _c9897
_d9897